00315nam a2200109Ia 4500008004100000082000800041100002600049245001200075942000600087952009700093999001500190240331s9999 xx 000 0 und d bPRA aSamaja Sangamaya. ed 0aPravada cL 001040708LaWERCLbWERCLcSSCd2024-03-31l0o 303.6 PRAp6348r2024-03-31w2024-03-31yL c5640d5640